000 nam a22 7a 4500
999 _c331415
_d331415
003 NUST
005 20170927122012.0
008 170927b xxu||||| |||| 00| 0 eng d
020 _a9788126537037
040 _c0
082 _a628 GRO
100 _aBoeker,Egbert
_95035
245 _aEnvironmental Science:
_bPhysical principles and Applications
_cEgbert Boeker
260 _aChichester
_bJohn Wiley
_c2001
300 _a362p.
500 _aH.B
942 _2ddc
_cBK
_kIESE